000 00376cam a22001097a 4500
008 180718b1972 xxu||||| |||| 00| 0 eng d
082 _aW1x42 Un30
245 _aSecond report of the board on organisation
_cby British Railways Board, United Kingdom
260 _aLondon
_bHer Majesty's Stationery Office
_c1972
300 _a15p.
700 _aUnited Kingdom. British Railways Board
999 _c498507
_d498507